000 00381nam a2200169Ia 4500
001 25105
003 IN-NITTTR
005 20251114233319.0
008 251113s9999||||xx |||||||||||||| ||eng||
040 _beng
040 _cIN-NITTTR
041 _aeng
082 _a005.276 S41P
100 _aSklar, Joel
245 0 _aPrinciples of Web Design /
_cSklar, Joel
942 _2ddc
_cBK
999 _c27734
_d27734